<?xml version="1.0" encoding="UTF-8"?>
<record
    xmlns:xsi="http://www.w3.org/2001/XMLSchema-instance"
    xsi:schemaLocation="http://www.loc.gov/MARC21/slim http://www.loc.gov/standards/marcxml/schema/MARC21slim.xsd"
    xmlns="http://www.loc.gov/MARC21/slim">

  <leader>01256na  a2200325   4500</leader>
  <controlfield tag="001">21878</controlfield>
  <controlfield tag="003">MIRAKIL</controlfield>
  <controlfield tag="005">20181213154835.0</controlfield>
  <controlfield tag="008">170208b        tu            000 0      </controlfield>
  <datafield tag="020" ind1=" " ind2=" ">
    <subfield code="a">9750801679</subfield>
  </datafield>
  <datafield tag="040" ind1=" " ind2=" ">
    <subfield code="a">Milas</subfield>
    <subfield code="b">tur</subfield>
    <subfield code="c">TR-AnCHP</subfield>
  </datafield>
  <datafield tag="041" ind1=" " ind2=" ">
    <subfield code="a">tur</subfield>
    <subfield code="a">oto</subfield>
  </datafield>
  <datafield tag="082" ind1=" " ind2=" ">
    <subfield code="a">781.1</subfield>
    <subfield code="b">K25k 2001</subfield>
  </datafield>
  <datafield tag="090" ind1=" " ind2=" ">
    <subfield code="a">781.1 K25k 2001</subfield>
  </datafield>
  <datafield tag="100" ind1=" " ind2=" ">
    <subfield code="a">Kantemiro&#x11F;lu, Dimitri</subfield>
    <subfield code="d">1673-1723</subfield>
  </datafield>
  <datafield tag="245" ind1=" " ind2=" ">
    <subfield code="a">Kitabu ilmi'l-musiki ala vechi'l-hurufat=Musikiyi harflerle tesbit ve icra ilminin kitab&#x131;</subfield>
    <subfield code="c">Dimitri Kantermiro&#x11F;lu; haz&#x131;rlayan Yal&#xE7;&#x131;n Tura</subfield>
  </datafield>
  <datafield tag="246" ind1=" " ind2=" ">
    <subfield code="a">Musikiyi harflerle tesbit ve icra ilminin kitab&#x131;</subfield>
  </datafield>
  <datafield tag="260" ind1=" " ind2=" ">
    <subfield code="a">&#x130;stanbul</subfield>
    <subfield code="b">Yap&#x131; Kredi Yay&#x131;nlar&#x131;</subfield>
    <subfield code="c">2001</subfield>
  </datafield>
  <datafield tag="300" ind1=" " ind2=" ">
    <subfield code="a">2 c.</subfield>
    <subfield code="b">res.</subfield>
    <subfield code="c">30 sm.</subfield>
  </datafield>
  <datafield tag="490" ind1=" " ind2=" ">
    <subfield code="a">Yap&#x131; Kredi Yay&#x131;nlar&#x131;</subfield>
    <subfield code="v">1500</subfield>
  </datafield>
  <datafield tag="500" ind1=" " ind2=" ">
    <subfield code="a">Yazar&#x131;n kendi dilindeki ad&#x131; Dimitrie Cantemir.</subfield>
  </datafield>
  <datafield tag="500" ind1=" " ind2=" ">
    <subfield code="a">Yap&#x131;t Osmanl&#x131; T&#xFC;rk&#xE7;esi metinler i&#xE7;erir.</subfield>
  </datafield>
  <datafield tag="505" ind1=" " ind2=" ">
    <subfield code="a">1. c.: &#x130;nceleme- Edvar (T&#x131;pk&#x131;bas&#x131;m-&#xE7;eviriyaz&#x131;-&#xE7;eviri-notlar); 2. c.:Notalar (T&#x131;pk&#x131;bas&#x131;m-&#xE7;eviri-notlar)</subfield>
  </datafield>
  <datafield tag="600" ind1=" " ind2=" ">
    <subfield code="a">Kantemiro&#x11F;lu, Dimitri</subfield>
    <subfield code="d">1673-1723</subfield>
    <subfield code="x">Ya&#x15F;am&#xF6;yk&#xFC;s&#xFC;</subfield>
  </datafield>
  <datafield tag="650" ind1=" " ind2=" ">
    <subfield code="a">Musiki</subfield>
    <subfield code="x">Temel ilkeler</subfield>
  </datafield>
  <datafield tag="650" ind1=" " ind2=" ">
    <subfield code="a">T&#xFC;rk sanat m&#xFC;zi&#x11F;i</subfield>
    <subfield code="x">Ara&#x15F;t&#x131;rma ve inceleme</subfield>
  </datafield>
  <datafield tag="650" ind1=" " ind2=" ">
    <subfield code="a">M&#xFC;zik</subfield>
    <subfield code="x">Temel ilkeler</subfield>
  </datafield>
  <datafield tag="700" ind1=" " ind2=" ">
    <subfield code="a">Tura, Yal&#xE7;&#x131;n</subfield>
  </datafield>
  <datafield tag="942" ind1=" " ind2=" ">
    <subfield code="2">dcc</subfield>
    <subfield code="c">BKS</subfield>
  </datafield>
  <datafield tag="952" ind1=" " ind2=" ">
    <subfield code="a">0001</subfield>
    <subfield code="b">0001</subfield>
    <subfield code="d">2017-02-08</subfield>
    <subfield code="e">2</subfield>
    <subfield code="h">c.3</subfield>
    <subfield code="l">0</subfield>
    <subfield code="o">781.1 K25k 2001</subfield>
    <subfield code="p">012930</subfield>
    <subfield code="r">2017-02-08 00:00:00</subfield>
    <subfield code="v">0.00</subfield>
    <subfield code="w">2017-02-08</subfield>
    <subfield code="y">BKS</subfield>
  </datafield>
  <datafield tag="952" ind1=" " ind2=" ">
    <subfield code="a">0001</subfield>
    <subfield code="b">0001</subfield>
    <subfield code="d">2017-02-08</subfield>
    <subfield code="e">2</subfield>
    <subfield code="l">0</subfield>
    <subfield code="o">781.1 K25k 2001</subfield>
    <subfield code="p">012931</subfield>
    <subfield code="r">2017-02-08 00:00:00</subfield>
    <subfield code="v">0.00</subfield>
    <subfield code="w">2017-02-08</subfield>
    <subfield code="y">BKS</subfield>
  </datafield>
  <datafield tag="999" ind1=" " ind2=" ">
    <subfield code="c">1818</subfield>
    <subfield code="d">1818</subfield>
  </datafield>
</record>
